| 000 | 00463nam a22001697a 4500 | ||
|---|---|---|---|
| 003 | NUST | ||
| 005 | 20260512161601.0 | ||
| 008 | 260512b ||||| |||| 00| 0 eng d | ||
| 020 | _a978-969-9532-00-9 | ||
| 082 |
_a277.4 _bSAF |
||
| 100 |
_aSafdar Ali Shah, Syed Javaid A. Kazi. _9134426 |
||
| 245 |
_aChurches of Pakistan _cSafdar Ali Shah, Syed Javaid A. Kazi. |
||
| 260 | _aPakistan | ||
| 300 |
_a120 p ; _c40.5 cm |
||
| 563 | _aHardcover | ||
| 942 |
_2ddc _cBK |
||
| 999 |
_c617422 _d617422 |
||